Zusatztiteln von Filmen - Statistiken

Allgemein
  • Dieses Quiz wurde 81 mal gespielt
  • Das Durchschnittsergebnis liegt bei 11 aus 31
Antwortstatistiken
Zusatztitel Titel % Korrekt
Die Rückkehr des Königs Der Herr der Ringe
85%
Spectre James Bond 007
78%
Eine neue Hoffnung Star Wars: Episode IV
78%
Der Letzte räumt die Erde auf WALL-E
75%
Maverick Top Gun
72%
Catching Fire Die Tribute von Panem
71%
Age of Ultron Avengers
66%
The Way of Water Avatar
59%
Fury Road Mad Max
54%
Der tollkühne Held Shrek
53%
Fremde Gezeiten Pirates of the Caribbean
49%
Das unheimliche Wesen aus einer fremden Welt Alien
44%
Odyssee im Weltraum 2001
43%
Unter Feinden Departed
43%
A New Universe Spider-Man
41%
Rogue Nation Mission: Impossible
35%
Drei Jahrzehnte der Mafia Goodfellas
19%
Des Satans jüngste Tochter Carrie
18%
Auf der Jagd nach dem Riesenkaninchen Wallace & Gromit
18%
Alles hört auf kein Kommando A Toy Story
16%
Der wilde Mustang Spirit
16%
Tag der Abrechnung Terminator 2
15%
Ein neues Zeitalter Jurassic World
13%
Blutiger Schnee Fargo
10%
Die Meister der Magie Prestige
10%
Das perfekte Opfer Gone Girl
9%
Genie und Wahnsinn A Beautiful Mind
7%
Hochzeit mit einer Leiche Corpse Bride
7%
Jetzt erst recht! Johnny English
7%
Was sonst! Clueless
6%
Wilde Hunde Reservoir Dogs
4%
Keine übereinstimmenden Quizze gefunden
Verteilung der Resultate
Anzahl Personen mit jedem Resultat
Perzentil nach korrekt beantworteten Fragen
Ihre Resultats-Entwicklung
Sie haben dieses Quiz noch nicht gespielt